| 000 | 00690nam a22002057a 4500 | ||
|---|---|---|---|
| 999 |
_c6143 _d6143 |
||
| 003 | AR-CdUCM | ||
| 008 | 190313b ||||| |||| 00| 0 spa d | ||
| 040 |
_aMUNICIPALIDAD PROVINCIAL DEL CUSCO _cBIBLIOTECA MUNICIPAL DEL CUSCO |
||
| 082 |
_a869.56018 / _bN38 |
||
| 245 | _aNacimiento del canto / | ||
| 260 |
_aLima : _bPrimero de Mayo, _c1957. |
||
| 300 |
_a32 paginas ; _c22 cm. |
||
| 500 | _aDonación de la familia Nieto | ||
| 505 | _acontenido: Revelación de la voz -- Reunión del ser -- Ala hacienda facala -- Ritual de amar -- voz madura ... | ||
| 650 |
_aPoesía peruana _9806 |
||
| 650 |
_aSiglo XX _98 |
||
| 650 |
_aColecciones _9607 |
||
| 942 |
_2ddc _cLIBROS |
||
| 945 | _aAlvina | ||